Statistics for All F1 Drivers 2017 Edition

Click here to take the quiz!

General Stats

  • This quiz has been taken 66 times
  • The average score is 20 of 25

Answer Stats

TeamDrivers% Correct
FerrariVettel
100%
MercedesBottas
98%
MercedesHamilton
98%
FerrariRaikkonen
98%
Red BullVerstappen
98%
Red BullRicciardo
96%
Toro RossoGasly
91%
HaasMagnussen
91%
Force IndiaPerez
91%
RenaultHulkenberg
89%
MclarenAlonso
87%
HaasGrosjean
87%
WilliamsStroll
85%
WilliamsMassa
83%
Force IndiaOcon
81%
RenaultSainz
79%
MclarenVandoorne
77%
Toro RossoHartley
74%
SauberEricsson
72%
Toro RossoKvyat
72%
MclarenButton
62%
RenaultPalmer
51%
SauberWehrlein
51%
WilliamsDi Resta
34%
HaasGiovinazzi
28%

Score Distribution

Percentile by Number Answered

Percent of People with Each Score

Your Score History

You have not taken this quiz